[Event "AUT-chT2W 0910"]
[Site "Austria"]
[Date "2010.03.14"]
[Round "11.5"]
[White "Durakovic, Alman"]
[Black "Levy, Pascal"]
[Result "1-0"]
[WhiteElo "2176"]
[BlackElo "2071"]
[PlyCount "81"]
[EventDate "2009.10.23"]
[EventType "team-tourn"]
[EventRounds "11"]
[EventCountry "AUT"]
[SourceTitle "EXT 2011"]
[Source "ChessBase"]
[SourceDate "2010.11.26"]
[SourceVersion "1"]
[SourceVersionDate "2010.11.26"]
[SourceQuality "1"]
[WhiteTeam "Salzburg Sued"]
[BlackTeam "Hohenems II"]
[WhiteTeamCountry "AUT"]
[BlackTeamCountry "AUT"]

1. d4 d5 2. c4 e6 3. Nc3 Nf6 4. Bg5 c6 5. cxd5 exd5 6. e3 Be7 7. Qc2 Bg4 8. Bd3 Nbd7 9. Nge2 Bxe2 10. Qxe2 h6 11. Bf4 Nf8 12. 0-0 Bd6 13. Rfe1 Ne6 14. Be5 Qc7 15. Bxf6 Bxh2+ 16. Kh1 gxf6 17. g3 Bxg3 18. fxg3 Qxg3 19. Qg2 Qxg2+ 20. Kxg2 Ke7 21. Rh1 h5 22. Rh2 Rag8+ 23. Kf2 Rg5 24. Rah1 Rhg8 25. Bf1 f5 26. Ne2 c5 27. Rxh5 cxd4 28. Nxd4 Nxd4 29. exd4 Rg4 30. R1h4 Rc8 31. Bd3 Rc1 32. Rxg4 fxg4 33. Rxd5 Rh1 34. Be4 Rd1 35. Ke2 Ra1 36. Ra5 Ke6 37. Bf5+ Kd6 38. Bxg4 Rg1 39. Bf3 Rb1 40. b3 b6 41. Rxa7 1-0

[Event "AUT-chT2W 0910"]
[Site "Austria"]
[Date "2009.10.23"]
[Round "1.6"]
[White "Levy, Pascal"]
[Black "Ruescher, Christian"]
[Result "0-1"]
[WhiteElo "2071"]
[BlackElo "1984"]
[PlyCount "73"]
[EventDate "2009.10.23"]
[EventType "team-tourn"]
[EventRounds "11"]
[EventCountry "AUT"]
[SourceTitle "CBM 133 Extra"]
[Source "ChessBase"]
[SourceDate "2010.01.05"]
[SourceVersion "1"]
[SourceVersionDate "2010.01.05"]
[SourceQuality "1"]
[WhiteTeam "Hohenems II"]
[BlackTeam "Dornbirn"]
[WhiteTeamCountry "AUT"]
[BlackTeamCountry "AUT"]

1. d4 Nf6 2. c4 e5 3. dxe5 Ng4 4. Nf3 Nc6 5. Nc3 Bc5 6. e3 Ngxe5 7. Nxe5 Nxe5 8. Be2 0-0 9. b3 d6 10. 0-0 Bd7 11. Bb2 Re8 12. Ne4 Bb6 13. Rc1 Qh4 14. c5 Qxe4 15. cxb6 Bc6 16. Bf3 Nxf3+ 17. Qxf3 Qxf3 18. gxf3 axb6 19. a3 Re6 20. e4 d5 21. exd5 Bxd5 22. Rc3 Rae8 23. Rd1 c6 24. Kf1 h6 25. a4 Rg6 26. Bc1 Re5 27. Rd4 Rf5 28. Rdd3 Rgf6 29. Kg2 g5 30. Kg3 h5 31. b4 Kg7 32. h4 gxh4+ 33. Kxh4 Rg6 34. Be3 Rg1 35. Kh3 Rh1+ 36. Kg2 Bxf3+ 37. Kg3 0-1

[Event "AUT-ch U18"]
[Site "Tschagguns"]
[Date "2006.04.10"]
[Round "3"]
[White "Schwarhofer, Christopher"]
[Black "Levy, Pascal"]
[Result "1-0"]
[WhiteElo "2181"]
[BlackElo "2045"]
[PlyCount "53"]
[EventDate "2006.04.09"]
[EventType "swiss"]
[EventRounds "7"]
[EventCountry "AUT"]
[SourceTitle "CBM 111 Extra"]
[Source "ChessBase"]
[SourceDate "2006.05.09"]
[SourceVersion "1"]
[SourceVersionDate "2006.05.09"]
[SourceQuality "1"]

1. e4 c5 2. Nf3 d6 3. d4 cxd4 4. Nxd4 Nf6 5. Nc3 a6 6. Be2 e6 7. Be3 Be7 8. Qd2 b5 9. f3 Bb7 10. g4 Nc6 11. g5 Nd7 12. h4 Nxd4 13. Bxd4 e5 14. Be3 Rc8 15. h5 Qc7 16. 0-0-0 b4 17. Nd5 Bxd5 18. exd5 Qa5 19. Kb1 Nc5 20. Rh4 h6 21. Bxc5 Qxc5 22. Rc4 Qxc4 23. Bxc4 Rxc4 24. Qe2 Rf4 25. Qxa6 hxg5 26. Qc6+ Kd8 27. Qa8+ 1-0